000 00670cam a2200241 i 4500
999 _c2722
_d2722
001 1826330
003 GBCCL
005 20241126110437.0
008 800501s1980 oru 000 0 eng
010 _a 80015639
020 _a0930014367
020 _a0930014375 (pbk.)
040 _aDLC
_cDLC
_dDLC
050 0 0 _aBV835
_b.S95
082 0 0 _a248.844
_220
_bSWI
100 1 _aSwindoll, Charles R.
_91487
245 1 0 _aStrike the original match /
_cCharles R. Swindoll.
260 _aPortland, Or. :
_bMultnomah Press,
_cc1980.
300 _a196 p. ;
_c23 cm.
650 0 _aMarriage.
_92123
906 _a7
_bcbc
_corignew
_du
_eocip
_f19
_gy-gencatlg
942 _2ddc
_cBK
_04